[Event "Club Championships"]
[Site "Wellington Chess Club"]
[Date "2016.09.15"]
[Round "2"]
[White "Sellen, Ian"]
[Black "Brockway, Andrew"]
[Result "1-0"]
[WhiteElo "2064"]
[BlackElo "1801"]

1. c4 e5 2. Nc3 Nc6 3. e3 f5 4. d3 Nf6 5. Be2 d6 6. Nf3 g6 7. O-O Bg7 8. Rb1 a5
9. a3 O-O 10. Qc2 Qe7 11. Nd5 Qd7 12. b4 Nxd5 13. cxd5 Ne7 14. e4 b6 15. b5 h6
16. Rd1 fxe4 17. dxe4 Kh7 18. Rd3 Ng8 19. Rc3 Ra7 20. Be3 Qd8 21. Rc1 Rf7 22.
Bxb6 cxb6 23. Rxc8 Qe7 24. Qc6 Nf6 25. Nd2 Rb7 26. Bf3 Nh5 27. Qe8 Qxe8 28.
Rxe8 Rfc7 29. Rc8 Rc5 30. a4 Rxc1+ 31. Rxc1 Nf4 32. Rc6 Nd3 33. Nc4 Nc5 34.
Nxb6 Bf8 35. g3 Kg7 36. Bg2 Be7 37. f3 h5 38. Bf1 Kf6 39. Kf2 Kg7 40. Ke3 Kf6
41. Be2 Kg7 42. Bd1 Nd7 43. Nc4 Bg5+ 44. f4 exf4+ 45. gxf4 Bf6 46. Nxd6 Kf8 47.
Nxb7 1-0

[Event "Club Championships"]
[Site "Wellington Chess Club"]
[Date "2016.09.15"]
[Round "2"]
[White "Stone, Andrew"]
[Black "Kulkarni, Yogesh"]
[Result "1-0"]
[WhiteElo "2047"]
[BlackElo "2036"]

1. e4 c6 2. d4 d5 3. e5 Bf5 4. Nc3 e6 5. g4 Bg6 6. Nge2 h6 7. h4 Nd7 8. Be3 Qb6
9. h5 Bh7 10. Qd2 O-O-O 11. O-O-O Qc7 12. f4 f6 13. Kb1 Kb8 14. f5 exf5 15. Bf4
fxe5 16. dxe5 Nc5 17. Nd4 Qc8 18. e6+ Ka8 19. gxf5 Ne4 20. Nxe4 dxe4 21. Qe1
Rxd4 22. Rxd4 Bxf5 23. Qa5 1-0

[Event "Club Championships"]
[Site "Wellington Chess Club"]
[Date "2016.09.15"]
[Round "2"]
[White "Timergazi, Layla"]
[Black "Forster, Bill"]
[Result "1-0"]
[WhiteElo "2105"]
[BlackElo "2066"]

1. e4 d5 2. exd5 Qxd5 3. Nc3 Qd8 4. d4 Nf6 5. Nf3 Bg4 6. Be2 e6 7. O-O c6 8.
Bf4 Bd6 9. Ne5 Bxe2 10. Qxe2 O-O 11. Bg5 Be7 12. Rad1 Nd5 13. Nxd5 cxd5 14.
Bxe7 Qxe7 15. f4 Nd7 16. Nxd7 Qxd7 17. Rd3 Qa4 18. a3 Rac8 19. c3 Qc4 20. Rfd1
b5 21. Qh5 a5 22. Rh3 h6 23. Rg3 Qb3 {Up to here the game has been played
reasonably well, but now one of the players starts missing some important
stuff.} 24. Rdd3 Kh7 (24... Qxb2 25. Qxh6 {Is simply a perpetual - but I
hallucinated that after} 25... Qc1+ 26. Kf2 Qc2+ 27. Kf3 $4 {I would have no
checks ,missing} 27... Qxd3+ {and wins. Oy vey.} ) 25. f5 Qxb2 26. fxe6 Rce8 $2
{A good idea, but...}  (26... g6 $1 {first as pointed out by Andrew Stone
immediately after the game} ) 27. Rxg7+ $3 {Very nice work}  ( {not} 27. exf7
$4 Re1#) 27... Kxg7 28. Rg3+ Kh7 ( {I must admit I somehow concluded that}
28... Kf6 29. Qe5+ {was mate, and so I played out what I thought was the
longest forced mate. This would have been more embarrassing if there was no
forced mate in this line as well} 29... Ke7 30. exf7+ Kd8 31. fxe8=Q+ Rxe8 32.
Qb8+ Kd7 33. Rg7+ Re7 34. Qb7+ Kd8 35. Qxe7+ Kc8 36. Qc7#) 29. Qf5+ Kh8 30.
Qf6+ Kh7 31. Qg7# 1-0

[Event "Club Championships"]
[Site "Wellington Chess Club"]
[Date "2016.09.15"]
[Round "2"]
[White "Wilkins, Mark"]
[Black "Coghini, Phillip"]
[Result "0-1"]
[WhiteElo "1969"]
[BlackElo "1872"]

1. d4 Nf6 2. Bg5 h6 3. Bxf6 exf6 4. e3 d5 5. Nd2 Bd6 6. c4 c6 7. cxd5 cxd5 8.
Rc1 O-O 9. g3 Nd7 10. Bg2 Nb6 11. Ngf3 Bf5 12. O-O Re8 13. Qb3 a5 14. Nh4 a4
15. Qb5 Bd7 16. Qd3 Bf8 17. Rfe1 g6 18. e4 Bc6 19. Re2 Qd7 20. Ree1 Kh7 21. Kh1
Bb4 22. a3 Bxd2 23. Qxd2 dxe4 24. Rc5 f5 25. Rd1 Nd5 26. Bh3 e3 27. fxe3 Nxe3+
28. Kg1 b6 29. Rxc6 Qxc6 30. d5 Qc5 31. Rc1 Nc4+ 32. Qf2 Qxf2+ 33. Kxf2 Nxb2
34. Bf1 Rac8 35. Rc6 Red8 36. Bg2 Nc4 37. Nf3 Nxa3 38. Ne5 Kg7 39. Rxb6 Nc4 40.
Nxc4 Rxc4 41. Ra6 Rc2+ 42. Kf1 Rb8 0-1

[Event "Club Championships"]
[Site "Wellington Chess Club"]
[Date "2016.09.16"]
[Round "2"]
[White "Pomeroy, Arthur"]
[Black "Ker, Anthony"]
[Result "0-1"]
[WhiteElo "2134"]
[BlackElo "2461"]

{ B09: Pirc Defence: Austrian Attack } 1. e4 d6 2. d4 Nf6 3. Nc3 g6 4. f4 Bg7
5. Nf3 c5 6. Bb5+ Bd7 7. e5 Ng4 8. Bxd7+ Qxd7 9. d5 dxe5 10. h3 e4 11. Nxe4 Nf6
12. Nxf6+ Bxf6 13. O-O O-O 14. Be3 Na6 {  A line Anthony and I have played a
lot. It's both positional and tactical (i.e. I don't understand what is going
on most of the time).} 15. c4 Bxb2 16. Rb1 Bg7 17. Ne5 Qc7 18. Ng4 {  Not very
good. It forces Black to play f5, but the knight takes a long road back to e5.}
18... f5 19. Nf2 (19. Ne5 $5 $15) 19... Rad8 20. Qa4 Qc8 (20... e6 { might be a
viable alternative} 21. Rbd1 exd5 22. cxd5 $19) 21. Nd3 e6 22. Ne5 exd5 23.
cxd5 Rxd5 (23... Bxe5 $5 24. fxe5 Rxd5 $17) 24. Qb3 Qe6 25. Qxb7 Bxe5 26. fxe5
Rd7 (26... Rxe5 $2 27. Bh6 Qf7 28. Bxf8 Qxb7 29. Rxb7 Kxf8 30. Rxa7 $18 {
That's why giving up the Black square bishop can cause problems.} ) 27. Qb3 (
27. Qb5 c4 $15) 27... c4 $17 28. Qa4 Rc8 29. Rfd1 Rxd1+ (29... Nb8 30. Rxd7
Qxd7 31. Qb4 $11 (31. Qxa7 Qxa7 32. Bxa7 Nc6 $17) ) 30. Rxd1 Qxe5 31. Bd4 (31.
Bh6 $5 Qc5+ 32. Kh1 $11 {  This is what I should have done -- use those Black
squares.} ) 31... Qe6 $17 32. Bc3 $2 (32. Rc1 $17) 32... Nc5 $19 33. Qc2 Qe3+
34. Kh1 Nd3 35. Rb1 $2 (35. Rf1 $19 {  It's all over anyway.} ) 35... Nf2+ 36.
Kh2 Ne4 37. Be1 Qd3 38. Qb2 c3 39. Qb7 Qc4 40. Rc1 Qc7+ 41. Qxc7 Rxc7 42. Bg3
$2 Nxg3 43. Kxg3 c2 44. Kf3 Kf7 45. g4 Rc3+ 46. Kf4 Ke6 47. gxf5+ gxf5 48. Kg5
Ke5 49. h4 Ke4 0-1

[Event "Club Championships"]
[Site "Wellington Chess Club"]
[Date "2016.09.19"]
[Round "4"]
[White "Nijman, Brian"]
[Black "Wastney, Scott"]
[Result "0-1"]
[WhiteElo "2206"]
[BlackElo "2448"]

1. Nf3 d5 2. g3 Nf6 3. Bg2 e6 4. c4 Be7 5. O-O O-O 6. Qc2 c5 7. cxd5 Nxd5 8.
Nc3 Nc6 9. d3 b6 10. Bd2 Bb7 11. Rfc1 Rc8 12. Qd1 Qd7 13. a3 Rfd8 14. Nxd5 Qxd5
15. b4 Bf6 16. Ng5 (16. Bc3 {=} ) 16... Qd7 17. Ra2 Nd4 18. Ne4 Be7 19. bxc5
bxc5 (19... f5 {!?} 20. Nd6 Bxg2 21. Kxg2 Bxd6 22. cxd6 Qxd6 23. f3 {=} ) 20.
Ba5 Re8 21. Rb2 Ba8 22. Rcb1 f5 23. Nd2 Bxg2 24. Kxg2 Bf6 25. Kg1 Nc6 26. Qa4
{?? I had been analysing what I would do after Rb2-b7,  and simply played by
second move first!}  (26. Rb7 Qd5 27. Nc4 Rf8 (27... Nxa5 28. Nxa5 {is a solid
edge for White} ) 28. Bd2 h6 29. Ne3 Qd6 {is better for White} ) 26... Bxb2 27.
Rxb2 Qd4 28. Nc4 Ne5 29. Rc2 Ng4 30. Be1 Qa1 31. Qa5 Rb8 32. Kg2 Qd4 $2 (32...
Rb1 33. Bc3 Rg1+ 34. Kf3 Qf1 { with mate to follow} ) 33. h3 Qd5+ 34. f3 Ne5
35. Ne3 Qd4 36. Bf2 {?}  (36. Qxc5 {[This was natural, but I eroneously thought
I should keep the queens on]} 36... Qxc5 37. Rxc5 Ng6 (37... Nf7 { } 38. Rc7 {
} 38... Ra8 39. Bb4 {=} ) 38. Nc4 Rec8 39. Ra5 e5 40. Bd2 e4 41. fxe4 fxe4 42.
Nd6 Rc2 43. Nxe4 Re8 44. Kf3 {=} ) 36... Nc6 37. Qd2 Qd7 {?!}  (37... Qe5
{leaves Black with a strong position} ) 38. Rxc5 Nd4 39. Qa2 Rec8 40. Re5 {?}
(40. Rxc8+ Rxc8 41. Nc4 {is only slightly better for White]} ) 40... Nb3 {?}  (
40... Rc1 41. Ra5 h6) 41. Nc4 h6 42. h4 (42. a4 {=} ) 42... Kh8 43. Qb2 {?!}
43... Na5 44. Qc3 (44. Qc2 {protects the b1 square from rook entry,  which
turned out to be decisive in the game} ) 44... Nxc4 45. dxc4 Rb1 46. Bd4 Rd8 {!
[setting up the mate on the 1st and 2nd ranks after the queen sacrifice to
come]} 47. e3 Rdb8 {!} 48. Qa5 (48. Qc2 {was forced} 48... Qc6 49. Rc5 (49. Qe2
Rc1) 49... Qxc5 {!} 50. Qxb1 Rxb1 51. Bxc5 Rb2+ 52. Kh3 a5) 48... Qxd4 {!!} 49.
exd4 {[playing in out for the spectators, and because it's a pretty finish]}
49... R8b2+ 50. Kh3 Rh1# 0-1

[Event "Club Championships"]
[Site "Wellington Chess Club"]
[Date "2016.09.22"]
[Round "3"]
[White "Asher, Bruce"]
[Black "Zhao, Jeffrey"]
[Result "1-0"]
[WhiteElo "1316"]
[BlackElo "980"]

1. e4 e5 2. Nf3 Nc6 3. Nc3 Nf6 4. d4 d5 5. Bb5 a6 6. Bxc6+ bxc6 7. Nxe5 Bb7 8.
Qe2 a5 9. exd5 Nxd5 10. Nxc6+ Qe7 11. Nxe7 Bxe7 12. O-O O-O 13. Qg4 Ba6 14. Re1
Nxc3 15. bxc3 Bd6 16. Bh6 Be5 17. Rxe5 Rae8 18. Qxg7# 1-0

[Event "Club Championships"]
[Site "Wellington Chess Club"]
[Date "2016.09.22"]
[Round "3"]
[White "Coghini, Phillip"]
[Black "Aldridge, Alan"]
[Result "1/2-1/2"]
[WhiteElo "1872"]
[BlackElo "1979"]

1. d4 Nf6 2. c4 c5 3. d5 b5 4. cxb5 a6 5. bxa6 Bxa6 6. Nc3 g6 7. e4 Bxf1 8.
Kxf1 d6 9. g3 Bg7 10. Kg2 O-O 11. Nf3 Nbd7 12. a4 Nb6 13. Qd3 Qc7 14. h3 Rfb8
15. Be3 c4 16. Qc2 Ra5 17. Nd4 Ra6 18. Nc6 Rb7 19. Nb5 Qd7 20. Bxb6 Rbxb6 21.
Qxc4 e6 22. Nb4 exd5 23. exd5 Ra8 24. Nc6 Nxd5 25. Qxd5 Qxc6 26. Qxc6 Rxc6 27.
Rhb1 d5 28. a5 Rc5 29. Nc3 Rcxa5 30. Rxa5 Rxa5 31. b4 Ra7 32. Nxd5 Kf8 33. b5
Ke8 34. b6 Rb7 35. Rd1 f5 36. Kf3 h6 37. Kf4 Kd7 38. Nf6+ Kc6 39. Ne8 Bf8 40.
Rc1+ Kd5 41. Nc7+ Kd6 42. Nb5+ Kd5 43. Nc7+ Kd6 1/2-1/2

[Event "Club Championships"]
[Site "Wellington Chess Club"]
[Date "2016.09.22"]
[Round "3"]
[White "Day, Fabian"]
[Black "Wight, Joshua"]
[Result "0-1"]
[WhiteElo "1605"]
[BlackElo "1622"]

1. e4 e5 2. Nf3 Nc6 3. d4 exd4 4. Nxd4 Nge7 5. Bc4 d6 6. Nc3 Nxd4 7. Qxd4 Nc6
8. Bb5 Bd7 9. Bxc6 Bxc6 10. O-O Qf6 11. Qxf6 gxf6 12. Nd5 Bxd5 13. exd5 Bg7 14.
Re1+ Kd7 15. g4 Rhg8 16. f3 f5 17. Kf2 fxg4 18. fxg4 Be5 19. h3 Raf8 20. Bh6
Bxb2 21. Bxf8 Bxa1 22. Re7+ Kd8 23. Rxf7 Ke8 24. Re7+ Kxf8 25. Rxh7 Rg7 26.
Rh8+ Ke7 27. Kg3 Rxg4+ 28. hxg4 Bxh8 29. g5 Kf7 30. Kg4 Kg6 31. Kh4 Bc3 32. Kg4
Bd2 0-1

[Event "Club Championships"]
[Site "Wellington Chess Club"]
[Date "2016.09.22"]
[Round "3"]
[White "Farrington, Lawrence"]
[Black "Sellen, Ian"]
[Result "0-1"]
[WhiteElo "1811"]
[BlackElo "2064"]

1. e4 e6 2. d4 d5 3. Nc3 Nf6 4. e5 Nfd7 5. Nf3 c5 6. Be3 Nc6 7. Nb5 a6 8. Nd6+
Bxd6 9. exd6 cxd4 10. Nxd4 Nf6 11. Nxc6 bxc6 12. Bf4 Qb6 13. Be5 Qb4+ 14. Qd2
Qxd2+ 15. Kxd2 Ne4+ 16. Ke3 f6 17. Bg3 e5 18. c4 Nxd6 19. cxd5 cxd5 20. Be2 Be6
21. Rhc1 Kd7 22. b3 d4+ 23. Kd2 Ne4+ 24. Kd1 Nxg3 25. hxg3 Kd6 26. f3 Rhc8 27.
Kd2 f5 28. Kd3 Kd5 29. Kd2 e4 30. Bc4+ Kd6 31. Bxe6 Kxe6 32. Rh1 Rc3 33. Rxh7
Kf6 34. Rc1 Rxc1 35. Kxc1 d3 36. Kd2 Rc8 37. fxe4 fxe4 38. Rh5 Rc2+ 39. Ke3
Re2+ 40. Kd4 d2 0-1

[Event "Club Championships"]
[Site "Wellington Chess Club"]
[Date "2016.09.22"]
[Round "3"]
[White "Forster, Bill"]
[Black "Dive, Russell"]
[Result "0-1"]
[WhiteElo "2066"]
[BlackElo "2440"]

1. d4 Nf6 2. c4 e6 3. Nc3 Bb4 4. Qc2 c5 5. a3 Bxc3+ 6. bxc3 Nc6 7. Nf3 d6 8.
Bf4 Qe7 9. Rd1 e5 10. Bg5 h6 11. Bxf6 Qxf6 12. e3 O-O 13. Be2 Bf5 14. Qb2 b6
15. O-O Rfe8 16. Rd2 Rac8 17. Rfd1 e4 18. Ne1 Qg5 19. g3 h5 20. Ng2 Bg4 21. Nf4
h4 22. Kg2 g6 23. Rf1 Kg7 24. Rdd1 Rh8 25. f3 exf3+ 26. Bxf3 hxg3 27. hxg3
Bxf3+ 28. Kxf3 Rce8 29. Qg2 Na5 30. Qe2 Qf5 31. Kg2 Qe4+ 32. Qf3 Nxc4 33. Nd5
Qxd5 0-1

[Event "Club Championships"]
[Site "Wellington Chess Club"]
[Date "2016.09.22"]
[Round "3"]
[White "Jackson, Ross"]
[Black "Nyberg, Michael"]
[Result "0-1"]
[WhiteElo "2067"]
[BlackElo "2085"]

1. d4 d5 2. c4 c6 3. Nf3 Nf6 4. e3 g6 5. Bd3 Bg7 6. O-O Nbd7 7. Nc3 O-O 8. h3
a6 9. Ne5 Qc7 10. cxd5 cxd5 11. Nxd7 Bxd7 12. Bd2 Rac8 13. Rc1 Qb6 14. Rc2 Bc6
15. Qc1 Qd8 16. Rd1 Re8 17. Be1 Bh6 18. f4 Qd7 19. Qb1 e6 20. Rf2 Kh8 21. Rf3
Ng8 22. g4 Ne7 23. Bh4 Bg7 24. a3 f5 25. Bf2 Rf8 26. g5 Kg8 27. Rg3 Kf7 28. Rd2
Rh8 29. Be1 h6 30. h4 hxg5 31. hxg5 Rh7 32. Rh2 Rch8 33. Rgg2 Qc7 34. Qc2 Rh3
35. Rxh3 Rxh3 36. Rg3 Rh7 37. Rg2 Qb6 38. Bf2 Nc8 39. Rh2 Rxh2 40. Kxh2 Nd6 41.
Be1 Nc4 42. Nd1 Qd8 43. Bxc4 dxc4 44. Qxc4 Qh8+ 45. Kg3 Qh5 46. Qc2 Qf3+ 0-1

[Event "Club Championships"]
[Site "Wellington Chess Club"]
[Date "2016.09.22"]
[Round "3"]
[White "Kibblewhite, Daniel"]
[Black "Konakanchi, Karthik"]
[Result "1-0"]
[WhiteElo "1418"]
[BlackElo "1484"]

1. e4 e5 2. Nf3 Nc6 3. Bc4 h6 4. O-O Nf6 5. Nc3 Bc5 6. a3 O-O 7. b4 Bd4 8. Nxd4
Nxd4 9. d3 Ng4 10. Qxg4 d5 11. Qg3 dxc4 12. Bxh6 Qf6 13. Bg5 Qe6 14. Rac1 Re8
15. Rfe1 cxd3 16. cxd3 c6 17. Ne2 Nxe2+ 18. Rxe2 a5 19. Bd2 b6 20. bxa5 bxa5
21. a4 Rd8 22. Rc5 Ba6 23. Rxa5 Bxd3 24. Rxa8 Rxa8 25. Qxd3 Rxa4 26. f3 Rd4 27.
Qc3 Qa2 28. Kf2 Qa7 29. Be3 Kh7 30. Bxd4 exd4 31. Qd3 Kg8 32. Rd2 c5 33. Qc4 g6
34. Rc2 d3 35. Qxd3 c4+ 36. Qe3 Qa4 37. Qe2 Qa7+ 38. Ke1 Qg1+ 39. Kd2 Qd4+ 40.
Ke1 Qg1+ 41. Qf1 Qe3+ 42. Re2 Qc3+ 43. Kf2 Qd4+ 44. Re3 Qd2+ 45. Qe2 Qc1 46.
Qe1 Qb2+ 47. Kg3 g5 48. e5 Qc2 49. e6 fxe6 50. Rxe6 Qf5 51. Qe5 Qf7 52. Re8+
1-0

[Event "Club Championships"]
[Site "Wellington Chess Club"]
[Date "2016.09.22"]
[Round "3"]
[White "Konakanchi, Pramodh"]
[Black "Bennett, Ezra"]
[Result "0-1"]
[WhiteElo "1191"]
[BlackElo "1414"]

1. e4 Nf6 2. Nc3 e5 3. Nf3 d6 4. Bb5+ c6 5. Bc4 h6 6. O-O Nbd7 7. d3 Be7 8. h3
Nb6 9. Bb3 Nh7 10. Be3 Bg5 11. Nxg5 Nxg5 12. Bxg5 Qxg5 13. Qf3 O-O 14. Ne2 Be6
15. Bxe6 fxe6 16. Qg3 Qd2 17. Qg4 Rae8 18. Rac1 Qa5 19. Nc3 d5 20. exd5 exd5
21. b4 Qa3 22. Nb1 Qxa2 23. Nc3 Qb2 24. Ne2 a6 25. Rb1 Qxc2 26. Rbd1 d4 27. Qe4
Nd5 28. Rc1 Qa4 29. Rc4 Qa2 30. Rfc1 Nf4 31. R1c2 Qa4 32. Nxf4 Rxf4 33. Qg6
Ref8 34. Qg3 b5 35. Rxc6 Qxb4 36. Rxa6 Qb1+ 37. Kh2 Qxc2 38. Ra7 R4f7 39. Rxf7
Rxf7 40. Qxe5 Qxd3 41. Qe8+ Rf8 42. Qe6+ Kh7 43. f3 b4 44. Qd6 b3 45. Qxf8 b2
46. Qb4 b1=Q 47. Qxb1 Qxb1 0-1

[Event "Club Championships"]
[Site "Wellington Chess Club"]
[Date "2016.09.22"]
[Round "3"]
[White "Kulkarni, Yogesh"]
[Black "List, Robert"]
[Result "1-0"]
[WhiteElo "2036"]
[BlackElo "1794"]

1. c4 e5 2. Nc3 Nc6 3. g3 Nf6 4. Bg2 Bb4 5. a3 Be7 6. e3 d6 7. Nge2 h5 8. h4
Bf5 9. d4 e4 10. b4 Qd7 11. Qc2 a6 12. Nxe4 Nxe4 13. Bxe4 Bxe4 14. Qxe4 f5 15.
Qd3 Bf6 16. Nf4 Ne7 17. Rb1 g6 18. Bb2 Kf7 19. d5 Bxb2 20. Rxb2 Rae8 21. Ne6
Nc8 22. Qd4 Kg8 23. O-O Rxe6 24. dxe6 Qxe6 25. Rd2 Rh7 26. c5 Re7 27. Rfd1 Rd7
28. Qd3 d5 29. b5 axb5 30. Qxb5 c6 31. Qa5 Kf7 32. Rb2 Ne7 33. Rdb1 d4 34. exd4
Rxd4 35. Rxb7 Qd5 36. Re1 Re4 37. Rxe4 fxe4 38. Qc3 Ke6 39. Rb4 Nf5 40. Qb3 Nd4
41. Qe3 Nf3+ 42. Kg2 Ne5 43. Rxe4 1-0

[Event "Club Championships"]
[Site "Wellington Chess Club"]
[Date "2016.09.22"]
[Round "3"]
[White "Nijman, Brian"]
[Black "Pomeroy, Arthur"]
[Result "1/2-1/2"]
[WhiteElo "2206"]
[BlackElo "2134"]

1. d4 Nf6 2. Bg5 Ne4 3. Bf4 c5 4. f3 Qa5+ 5. c3 Nf6 6. Nd2 cxd4 7. Nc4 Qf5 8.
Qxd4 Nc6 9. Qe3 Qe6 10. Qxe6 fxe6 11. e4 g6 12. Ne2 Bg7 13. O-O-O O-O 14. Be3
b5 15. Na3 b4 16. Nb1 {?!}  (16. cxb4 Nxb4 17. Nc3 {gives White some hope of
advantage} ) 16... Bb7 (16... d5 {! would have been advantage to Black} ) 17.
cxb4 Nxb4 18. Nbc3 Rfc8 19. Kb1 d5 20. a3 (20. e5 Nd7 21. f4 g5 {!} 22. Nd4 (
22. a3 Nc6 23. Nb5 Ba6 24. Ned4 gxf4 25. Bxf4 Nf8 {=} ) 22... gxf4 23. Bxf4 Nc5
{is close to equality} ) 20... Na6 {?!}  (20... Nc6 {!} 21. exd5 exd5 22. Bf2
e5 {!} 23. Nxd5 Nxd5 24. Rxd5 e4 {!} 25. Rd7 Rab8 {and Black has sufficient
counter-play} ) 21. exd5 {?!}  (21. e5 Nd7 22. f4 Bh6 (22... g5 {the
potentially undefended knight on a6 makes the d4 break less attractive than
before } 23. g3 Nac5 24. Bh3 Nf8 25. Rhg1 Ba6 26. Nd4 Rab8 27. Bg4 Kf7 28. h4)
23. Bc1 Nac5 24. Nd4 {is slighty better for White} ) 21... exd5 22. Nf4 (22.
Bd4 {straight away may have been stronger} ) 22... Nc7 23. Bd4 g5 {!} 24. Bxf6
Bxf6 25. Nfxd5 Nxd5 26. Nxd5 Bxd5 27. Rxd5 Rab8 28. Rb5 Kg7 {!} 29. a4 {?!}  (
29. b3 Rxb5 30. Bxb5 Rc3 31. Bc4 a5 {should be sufficient to equalise} ) 29...
a6 {draw agreed since} 30. Rxb8 Rxb8 31. Bxa6 Rxb2+ 32. Kc1 Rxg2 33. Bc4 Rf2
34. Bd5 {is equal} 1/2-1/2

[Event "Club Championships"]
[Site "Wellington Chess Club"]
[Date "2016.09.22"]
[Round "3"]
[White "Proctor, Matthew"]
[Black "Zhao, Aiden"]
[Result "1-0"]
[WhiteElo "1369"]
[BlackElo "1289"]

1. e4 e5 2. Nf3 Nc6 3. Bc4 Bc5 4. c3 Nf6 5. d4 d5 6. exd5 Nxd5 7. dxc5 Be6 8.
O-O O-O 9. Re1 f6 10. Qb3 Na5 11. Qa4 c6 12. Bd2 b5 13. Bxb5 cxb5 14. Qh4 Qe7
15. c4 Nxc4 16. Nc3 Qxc5 17. Nxd5 Qxd5 18. Bc3 a5 19. Rad1 Qc5 20. b3 Nb6 21.
Bd2 a4 22. Be3 Qc6 23. Rc1 Qb7 24. Red1 axb3 25. axb3 Bxb3 26. Rd3 Bc4 27. Rd6
Nd5 28. Qh3 Nxe3 29. fxe3 Rfd8 30. Rd2 Rdc8 31. Rdc2 Bd3 32. Qe6+ Kh8 33. Rxc8+
Rxc8 34. Rxc8+ Qxc8 35. Qxc8# 1-0

[Event "Club Championships"]
[Site "Wellington Chess Club"]
[Date "2016.09.22"]
[Round "3"]
[White "Sknar, Andrew"]
[Black "Wevers, Alexis"]
[Result "0-1"]
[WhiteElo "1184"]
[BlackElo "1472"]

1. e4 c5 2. Nc3 Nc6 3. Nf3 g6 4. Bb5 Bg7 5. O-O e6 6. Na4 Qa5 7. Qe2 a6 8. Bxc6
bxc6 9. Nc3 Rb8 10. d3 Bxc3 11. bxc3 Qxc3 12. Bf4 Rb2 13. Rac1 f6 14. Bd2 Qa3
15. Rb1 Rxc2 16. Bc1 Qxa2 17. Bd2 Kf7 18. Rfc1 Ne7 19. Rxc2 Qxb1+ 20. Bc1 d6
21. d4 Qb5 22. Qxb5 cxb5 23. dxc5 dxc5 24. Rxc5 Rd8 25. Bd2 Bb7 26. e5 Bxf3 27.
gxf3 Rxd2 28. exf6 Kxf6 29. Rc7 h5 30. Ra7 Ra2 31. Ra8 Nd5 0-1

[Event "Club Championships"]
[Site "Wellington Chess Club"]
[Date "2016.09.22"]
[Round "3"]
[White "Stone, Andrew"]
[Black "Rossiter, Philip"]
[Result "1-0"]
[WhiteElo "2047"]
[BlackElo "1897"]

1. e4 e6 2. d4 d5 3. Nc3 Nf6 4. e5 Nfd7 5. f4 c5 6. Nf3 Nc6 7. Be3 cxd4 8. Nxd4
Bc5 9. Ncb5 O-O 10. c3 Nxd4 11. Bxd4 Qe7 12. b4 Bxd4 13. Nxd4 f6 14. Qg4 f5 15.
Qh5 Nb6 16. Bd3 Bd7 17. O-O Rac8 18. Rf3 g6 19. Qh6 Rxc3 20. Rh3 Qg7 21. Qxg7+
Kxg7 22. Bb5 Rxh3 23. Bxd7 Ra3 24. Nxe6+ Kf7 25. Nxf8 Kxf8 26. Be6 Rc3 27. Rd1
Rc4 28. a3 Rxf4 29. Bxd5 Ke7 30. g3 Rg4 31. Bf3 Rc4 32. Bxb7 Rc3 33. a4 Re3 34.
a5 Nd7 35. b5 Rxe5 36. Bc6 Nb8 37. a6 Rc5 38. Re1+ Kd6 39. Be8 Rc7 40. Ra1 Re7
41. Rd1+ Kc7 42. Rc1+ Kb6 43. Rc8 Nxa6 44. Rc6+ 1-0

[Event "Club Championships"]
[Site "Wellington Chess Club"]
[Date "2016.09.22"]
[Round "3"]
[White "Winter, Ryan"]
[Black "Anderson, Gordon"]
[Result "1-0"]
[WhiteElo "1533"]
[BlackElo "1648"]

1. d4 Nf6 2. c4 e6 3. Nf3 b6 4. g3 Bb7 5. Bg2 Be7 6. O-O O-O 7. Nc3 d5 8. b3
Bb4 9. Qc2 Nbd7 10. a3 Be7 11. e4 dxe4 12. Ng5 Rb8 13. Ngxe4 Nxe4 14. Nxe4 Nf6
15. Rd1 Nxe4 16. Bxe4 Bxe4 17. Qxe4 Bf6 18. Bf4 Qe7 19. Be5 Bxe5 20. Qxe5 Qd6
21. Qxd6 cxd6 22. b4 g6 23. Rac1 Rbc8 24. f4 Rc7 25. c5 dxc5 26. dxc5 bxc5 27.
Rd2 Rfc8 28. Rdc2 Rc6 29. Kf2 Kg7 {Two depressing scoresheets. White won in
about 57 moves} 1-0

[Event "Club Championships"]
[Site "Wellington Chess Club"]
[Date "2016.09.23"]
[Round "3"]
[White "Cunningham, Patrick"]
[Black "Forlong-Ford, Colwyn"]
[Result "0-1"]
[WhiteElo "1652"]
[BlackElo "1726"]

1. d4 e6 2. Nf3 b6 3. g3 Bb7 4. Bg2 Nf6 5. O-O Bxf3 6. Bxf3 d5 7. c4 c6 8. cxd5
cxd5 9. Nc3 Bd6 10. Bg5 O-O 11. e4 Bb4 12. e5 h6 13. exf6 hxg5 14. fxg7 Kxg7
15. a3 Bxc3 16. bxc3 Nc6 17. c4 Ne7 18. Qd2 Kf6 19. Qe3 Qd6 20. Rfe1 Rac8 21.
cxd5 Nxd5 22. Bxd5 Qxd5 23. Qe5+ Qxe5 24. dxe5+ Kf5 25. Ra2 Rfd8 26. Kg2 Rd5
27. Re3 Rxe5 28. g4+ Kf6 29. Rae2 Rxe3 30. Rxe3 b5 31. Rf3+ Kg6 32. Rd3 Rc7 33.
Rd8 Rb7 34. Rg8+ Kf6 35. Ra8 Ke5 36. Rd8 a5 37. Ra8 a4 38. Kg3 Kf6 39. h4 gxh4+
40. Kxh4 0-1

[Event "Club Championships"]
[Site "Wellington Chess Club"]
[Date "2016.09.29"]
[Round "4"]
[White "Aldridge, Alan"]
[Black "Brockway, Andrew"]
[Result "1/2-1/2"]
[BlackElo "1801"]
[EventDate "2016.09.29"]
[WhiteElo "1979"]

1. d4 Nf6 2. Nf3 e6 3. g3 d5 4. Bg2 Be7 5. O-O O-O 6. Nbd2 Nbd7 7. c4 c5 8. e3
b6 9. b3 Bb7 10. Bb2 Qc7 11. Rc1 Rac8 12. cxd5 exd5 13. Re1 Qb8 14. e4 dxe4 15.
Ng5 cxd4 16. Bxd4 Rxc1 17. Qxc1 Rc8 18. Qb2 Nc5 19. Bxc5 Bxc5 20. Ngxe4 Nxe4
21. Bxe4 Bxe4 1/2-1/2

[Event "Club Championships"]
[Site "Wellington Chess Club"]
[Date "2016.09.29"]
[Round "4"]
[White "Anderson, Gordon"]
[Black "Cunningham, Patrick"]
[Result "0-1"]
[WhiteElo "1648"]
[BlackElo "1652"]

1. Nf3 d5 2. d4 Nf6 3. Nc3 e6 4. a3 c5 5. Bg5 cxd4 6. Nxd4 Be7 7. g3 O-O 8. Bg2
Nc6 9. Nxc6 bxc6 10. O-O Re8 11. e4 Ba6 12. Re1 Rb8 13. exd5 cxd5 14. b4 Qc7
15. Ne2 Rbc8 16. Rc1 Ne4 17. Bxe7 Bxe2 18. Qxe2 Nc3 19. Qd3 Rxe7 20. Ra1 Qd6
21. Kh1 Rec7 22. Rec1 Qb6 23. Bf1 Rc4 24. Qd2 Ne4 25. Qe2 Rc3 26. Bg2 Nf6 27.
b5 R8c5 28. a4 Qc7 29. Ra2 g6 30. Qd2 R5c4 31. Qe2 Ne4 32. Bxe4 Rxe4 33. Qd2
Qc4 34. Raa1 Re2 35. Qg5 Qc5 36. Qf4 Rcxc2 37. Rxc2 Rxc2 38. Qb8+ Kg7 39. Rf1
d4 40. a5 d3 41. b6 axb6 42. Qxb6 d2 43. Qxc5 Rxc5 44. Kg2 Rc1 45. Rd1 Rxd1 46.
Kf3 Re1 0-1

[Event "Club Championships"]
[Site "Wellington Chess Club"]
[Date "2016.09.29"]
[Round "4"]
[White "Asher, Bruce"]
[Black "Konakanchi, Karthik"]
[Result "0-1"]
[WhiteElo "1316"]
[BlackElo "1484"]

1. e4 e5 2. Nf3 Nc6 3. Bb5 a6 4. Bxc6 dxc6 5. Nxe5 Qd4 6. Nd3 Qxe4+ 7. Qe2
Qxe2+ 8. Kxe2 Nf6 9. f3 Bd6 10. b3 O-O 11. Bb2 Re8+ 12. Kd1 Nh5 13. c4 Bf5 14.
Nf2 Nf4 15. g4 Bd3 16. Nc3 Be2+ 17. Nxe2 Rxe2 18. Ne4 Rd8 19. Kc2 Bb4 20. Bc3
Bxc3 21. Kxc3 b5 22. d4 Re3+ 23. Kd2 Rxf3 24. d5 cxd5 25. Nc5 dxc4+ 26. Ke1
Nd3+ 27. Nxd3 cxd3 28. Kd2 Rf2+ 29. Kc3 c5 30. Rac1 Rxa2 31. Rhd1 Rxh2 32. Rxd3
Rxd3+ 33. Kxd3 Rh3+ 34. Ke4 Rxb3 35. Rd1 g6 36. Rd6 a5 37. Ke5 Re3+ 38. Kf4 Re6
39. Rd8+ Kg7 40. Rd5 Rc6 41. Kg5 b4 42. Kf4 b3 43. Rd1 c4 44. Rb1 a4 45. Ke3 c3
46. Kf3 c2 0-1